Statistics for States and Provinces starting with C

Click here to take the quiz!

General Stats

  • This quiz has been taken 29 times
  • The average score is 4 of 8

Answer Stats

State or Province% Correct
California
100%
Connecticut
100%
Colorado
89%
Chihuahua
43%
Chiapas
36%
Campeche
32%
Coahuila
25%
Colima
14%

Score Distribution

Percentile by Number Answered

Percent of People with Each Score

Your Score History

You have not taken this quiz